| 000 | 00468nam a22001577a 4500 | ||
|---|---|---|---|
| 003 | NUST | ||
| 038 | _asaima | ||
| 082 |
_a621.3 _bMCS |
||
| 100 |
_aAli, Muhammad _919316 |
||
| 245 | _aPrecoding Techniques in Downlink for Massive MIMO Systems / | ||
| 260 |
_aIslamabad : _bMCS - NUST, _c2015 |
||
| 300 |
_a75 p. ; _c30cm. |
||
| 650 |
_aElectrical Engineering-Precoding Techniques, Massive MIMO Systems _935211 |
||
| 700 |
_aDr. Imran Rashid _935026 |
||
| 942 |
_2ddc _cTHE |
||
| 999 |
_c540920 _d540920 |
||